Представление документа в формате RUSMARC

ПолеНазваниеЗначение
  Тип записи a
  Библиографический уровень m
001 Контрольный номер RU/УОНБ/EK/633875393
005 Дата корректировки 20250520122449.9
010 Индекс ISBN __
a ISBN 5-229-00163-1
d Цена 80 к.
9 Тираж 1260 экз.
100 Данные общей обработки __
a Данные общей обработки 20200201d1988 u u0rusy0189||||ca
101 Язык документа 0_
a Язык текста rus
102 Страна публикации __
a Страна публикации RU
105 Кодированные данные (монография) __
a Кодированные данные (монография) a z 001yy
200 Заглавие и сведения об ответственности 1_
a Заглавие Порошки меди и её сплавов
f Первые сведения об ответственности О.С. Ничипоренко [и др.]
210 Выходные данные 1_
a Место издания Москва
c Издательство Металлургия
d Дата издания 1988
215 Физическое описание __
a Объем 204, [1] с.
c Иллюстрации/тип воспроизводства ил.
d Формат 21 см
225 Серия 1_
a Серия Проблемы цветной металлургии
320 Библиография __
a Библиография Библиогр.: с. 199-205
606 Тематические рубрики 0_
a Основная рубрика Медные порошки
x Основная подрубрика Производство
606 Тематические рубрики 0_
a Основная рубрика Медные сплавы спеченные
x Основная подрубрика Производство
610 Ключевые слова 0_
a Ключевые слова медные порошки
a Ключевые слова производство медных порошков
a Ключевые слова медные сплавы спеченные
686 Индексы других классификаций __
a Классификационный индекс 34.39
2 Код системы rubbk
700 Автор _1
a Фамилия Ничипоренко
b Имя (инициалы) О.С.
g Полное личное имя Олег Сергеевич
701 Альтернативная интеллектуальная ответственность _1
a Фамилия Помосов
b Имя (инициалы) А.В.
701 Альтернативная интеллектуальная ответственность _1
a Фамилия Набойченко
b Имя (инициалы) С.С.
801 Источник записи _0
a Страна RU
b Организация Ульяновская ОНБ
c Дата составления 20200201
g Правила каталогизации RCR
801 Источник записи _1
a Страна RU
b Организация Ульяновская ОНБ
c Дата составления 20200201
g Правила каталогизации RCR
901 Тип документа __
t Тип документа m
909 Создатель записи __
a Создатель записи Вилкова
938 Служебная информация __
a Имя БД retro
b Имя библиотеки УОНБ
c Имя АИБС МАРК-SQL
d Номер DOC_ID в БД 323244